Building Bridges III Quiz Stats

 Plays Quiz Updated Apr 3, 2020

Support Sporcle.
Go Orange.
Score 0/26 Timer 06:00
0 Plays Today
% Correct
???
76.8%
???
76.7%
???
69.2%
???
68.2%
???
64.9%
???
63.4%
???
62.1%
???
60%
???
59.6%
???
59.1%
???
59%
???
57.5%
???
56.6%
% Correct
???
56.4%
???
55.9%
???
54%
???
52.6%
???
52.1%
???
51.9%
???
50.9%
???
49.2%
???
49.2%
???
49%
???
47.4%
???
46%
???
45.4%

From the Vault

Who's That With Eddie Murphy?

by aglick

What happens when he's standing in front of a mirror?
Remove Ads.
Support Sporcle.
Get the best of Sporcle when you Go Orange. This ad-free experience offers more features, more stats, and more fun while also helping to support Sporcle. Thank you for becoming a member.

Show Comments

Extras

Top Quizzes Today


Score Distribution

Your Account Isn't Verified!

In order to create a playlist on Sporcle, you need to verify the email address you used during registration. Go to your Sporcle Settings to finish the process.

Report this User

Report this user for behavior that violates our Community Guidelines.

Details: